El informe de Brodie /
Đã lưu trong:
| Tác giả chính: | |
|---|---|
| Định dạng: | Không biết |
| Ngôn ngữ: | Spanish |
| Được phát hành: |
Argentina :
Emecé Editores, S. A.,
1971.
|
| Những chủ đề: | |
| Các nhãn: |
Thêm thẻ
Không có thẻ, Là người đầu tiên thẻ bản ghi này!
|
MARC
| LEADER | 000000000a22000000004500 | ||
|---|---|---|---|
| 001 | 011873 | ||
| 041 | 0 | |a spa | |
| 082 | 0 | 4 | |a Ar863.4 |b B732i |
| 100 | 1 | |a Borges, Jorge Luis, |d 1899-1986 | |
| 245 | 1 | 3 | |a El informe de Brodie / |c Jorge Luis Borges. |
| 260 | 1 | |a Argentina : |b Emecé Editores, S. A., |c 1971. | |
| 500 | |a Material disponible en BCMA | ||
| 650 | 4 | |a LITERATURA ARGENTINA | |
| 500 | |a Colección George Yúdice | ||
| 999 | |c 17899 |d 17899 | ||
| 942 | |c BK |h Ar863.4 B732i |2 z | ||
